Sports Quiz

Random Sports or MLB Quiz
Score 0/20 Timer 08:00
1 Play Today
# of Hits Player Name % Correct
1622Ken Griffey
81.2%
1478Barry Bonds
77.4%
1589Cal Ripken
74.7%
1564Frank Thomas
73.9%
1713Tony Gwynn
73%
1492Edgar Martinez
72.3%
1728Craig Biggio
72.2%
1678Roberto Alomar
69.1%
1754Mark Grace
69%
1747Rafael Palmeiro
64.3%
# of Hits Player Name % Correct
1568Paul Molitor
53.1%
1573Fred McGriff
50.5%
1520Albert Belle
49.1%
1529Jay Bell
48.6%
1524Paul Oneill
42.7%
1466Lance Johnson
34%
1533Chuck Knoblauch
33.8%
1584Dante Bichette
30.7%
1531Marquis Grissom
25.7%
1532Steve Finley
25.2%

You're not logged in!

Compare scores with friends on all Sporcle quizzes.
OR
Log In

Sporcle TV

Today on Sporcle TV


Watch our educational content, quiz creation guides, and fun videos on Sporcle TV.

Show Comments

Extras

Top Quizzes Today


Score Distribution

Paid Content

Your Account Isn't Verified!

In order to create a playlist on Sporcle, you need to verify the email address you used during registration. Go to your Sporcle Settings to finish the process.

Report this User

Report this user for behavior that violates our Community Guidelines.

Details: